Nom des figures des jeux de cartes en français - Statistiques

Statistiques générales
  • Ce quiz a été pris 130 fois
  • Le résultat moyen est 8 sur 12
Statistiques - réponses
Couleur Valet % Correct
Coeur ♥ Charles
78%
Carreau ♦ César
75%
Coeur ♥ Judith
75%
Trèfle ♣ Alexandre
73%
Pique ♠ David
71%
Trèfle ♣ Lancelot
67%
Carreau ♦ Hector
59%
Coeur ♥ Lahire
57%
Carreau ♦ Rachel
57%
Pique ♠ Ogier
55%
Pique ♠ Pallas
53%
Trèfle ♣ Argine
43%
Aucun quiz correspondant
Distribution des résultats
% des personnes avec chaque résultat
Percentile par nombre de réponses
Votre historique - résultats
Vous n’avez pas pris ce quiz